| 000 | 00926nam a22002057a 4500 | ||
|---|---|---|---|
| 999 |
_c1918 _d1918 |
||
| 003 | AR-CdUCM | ||
| 008 | 190228b ||||| |||| 00| 0 spa d | ||
| 040 |
_aMUNICIPALIDAD PROVINCIAL DEL CUSCO _cBIBLIOTECA MUNICIPAL DEL CUSCO |
||
| 082 |
_a350.85 / _bH64 |
||
| 100 |
_aHodara, Joseph _97007 |
||
| 245 |
_aCientificos vs. Politicos : _bEnsayos en la sociología de la ciencia / _cJoseph Hodara |
||
| 260 |
_aMexico, D. F. : _bUniversidad Nacional Autónoma, _c1969. |
||
| 300 |
_a189 paginas ; _c20 cm. |
||
| 505 | _a La ciencia como contenido indiferenciado -- Raíces históricas -- Raíces sociológicas -- El pensamiento científico en la historia de las ideas -- Recepción semántica -- La intencionalidad del desarrollo científico ... | ||
| 650 |
_aCiencia y civilización _97008 |
||
| 650 |
_aDesarrollo científico _97009 |
||
| 650 |
_aSociología y ciencia _97010 |
||
| 942 |
_2ddc _cLIBROS |
||
| 945 |
_aacv _d2019-02-28 |
||